Представление документа в формате RUSMARC

ПолеНазваниеЗначение
  Тип записи c
  Библиографический уровень m
001 Контрольный номер UONB/MAIN/f6d62d3a49e4455faaf71a378acba8ee
005 Дата корректировки 20240802103254.4
010 Индекс ISBN __
9 Тираж 4000 экз.
013 Номер (ISMN) __
d Цена 70 к.
071 Издательские номер (звукозапись и ноты) 21
a Номер, присвоенный агентством 13260
100 Данные общей обработки __
a Данные общей обработки 20240802d1986 u y0rusy0189 ca
101 Язык документа 0_
a Язык текста rus
f Язык титульного листа rus
f Язык титульного листа fre
102 Страна публикации __
a Страна публикации RU
125 Кодированные данные звукозаписи и нотных изданий __
a Форма изложения нотного текста с
128 Кодированные данные (звукозаписи-физические характеристики) __
a Кодированные данные: Музыкальная форма и тональность или лад st
c Инструменты или голоса, рекомендуемые для солистов (устаревшее) ka
200 Заглавие и сведения об ответственности 1_
a Заглавие Этюды
f Первые сведения об ответственности К. Сен-Санс
d Параллельное заглавие Êtudes
e Сведения, относящиеся к заглавию для фортепиано
e Сведения, относящиеся к заглавию Op. 52
203 Вид содержания и тип средства __
a Вид содержания Музыка
b Характеристика содержания знаковая
c Тип средства непосредственная
210 Выходные данные 1_
a Место издания Москва
c Издательство Музыка
d Дата издания 1986
215 Физическое описание __
a Объем 48 с. включ. обл.
d Формат 29 см
300 Общие примечания __
a Общие примечания Изд. на рус. и фр. яз.
327 Примечание о содержании 11
a Примечание о содержании Содерж.: Прелюдия ; Для независимости пальцев ; Прелюдия и фуга фа минор ; Ритмический этюд ; Прелюдия и фуга ля мажор ; Этюд в форме вальса.
464 Аналитический уровень _0
1 2001
a Прелюдия
464 Аналитический уровень _0
1 2001
a Для независимости пальцев
464 Аналитический уровень _0
1 2001
a Прелюдия и фуга фа минор
464 Аналитический уровень _0
1 2001
a Ритмический этюд
464 Аналитический уровень _0
1 2001
a Прелюдия и фуга ля мажор
464 Аналитический уровень _0
1 2001
a Этюд в форме вальса
512 Заглавие обложки 1_
a Заглавие обложки Этюды
517 Другие варианты заглавия 1_
a Другие варианты заглавия Êtudes
606 Тематические рубрики 0_
a Основная рубрика Фортепианная музыка
x Основная подрубрика Этюды
610 Ключевые слова 0_
a Ключевые слова фортепиано; этюды; Сен-Санс К.
686 Индексы других классификаций __
a Классификационный индекс 85.954.294(3)
2 Код системы rubbk
700 Автор _1
a Фамилия Сен-Санс
b Имя (инициалы) К.
g Полное личное имя Камилл
f Даты 1835-1921
790 Имя лица - альтернативная форма _1
a Имя лица - альтернативная форма Saint-Saëns
b Имя (инициалы) C.
801 Источник записи _0
a Страна RU
b Организация Ульяновская ОНБ
c Дата составления 20240802
g Правила каталогизации RCR
801 Источник записи _1
a Страна RU
b Организация Ульяновская ОНБ
c Дата составления 20240802
g Правила каталогизации RCR
901 Тип документа __
t Тип документа m
909 Создатель записи __
b Дата создания записи 20240802
a Создатель записи Грязнова И. Е.